| 000 | 00434nam a2200169Ia 4500 | ||
|---|---|---|---|
| 001 | 2169 | ||
| 008 | 140314s9999 xx 000 0 und d | ||
| 020 | _a0669016217 | ||
| 040 | _cPK-LaUMT | ||
| 082 |
_a 320.973 _bWIL-A |
||
| 100 | _aJames Q.Wilson | ||
| 245 |
_aAmerican Government _binstitutions and policies _cJames Q.Wilson |
||
| 260 |
_aToronto: _bD. C. Health & Company, _c1980 |
||
| 300 | _a683 p. | ||
| 546 | _aEN | ||
| 942 | _cBK | ||
| 999 |
_c2479 _d2479 |
||